Supply chain integration for achieving best value for construction clients (Record no. 106964)

MARC details
000 -LEADER
fixed length control field 01262cam a22002295a 4500
001 - CONTROL NUMBER
control field L137988
008 - FIXED-LENGTH DATA ELEMENTS--GENERAL INFORMATION
fixed length control field 070510e2007 xxk f 100 0 eng d
035 ## - SYSTEM CONTROL NUMBER
System control number (Sirsi) u137988
041 0# - LANGUAGE CODE
Language code of text/sound track or separate title eng
100 1# - MAIN ENTRY--PERSONAL NAME
Personal name Vrijhoef, Ruben
245 00 - TITLE STATEMENT
Title Supply chain integration for achieving best value for construction clients
Remainder of title client-driven versus supplier-driven integration
Medium [electronic resource]
260 ## - PUBLICATION, DISTRIBUTION, ETC.
Date of publication, distribution, etc. 2005
490 #0 - SERIES STATEMENT
Series statement COBRA
Volume/sequential designation 2005
520 ## - SUMMARY, ETC.
Summary, etc. Discusses how supply chain integration from both the client and the supplier side enable higher levels of effectiveness and efficiency in multi-project approaches to construction. Reports that supply chain integration may appear in different forms, initiated by the client or the supplier, and that the appropriate forms and levels of integration are dependent on the specific construction subsector.
590 ## - LOCAL NOTE (RLIN)
Local note KA
651 #4 - SUBJECT ADDED ENTRY--GEOGRAPHIC NAME
Geographic name England and Wales
Chronological subdivision 1543-
690 ## - LOCAL SUBJECT ADDED ENTRY--TOPICAL TERM (OCLC, RLIN)
Topical term or geographic name as entry element BUILT ENVIRONMENT-BUILDING MATERIALS
700 1# - ADDED ENTRY--PERSONAL NAME
Personal name de Ridder, Hennes A.J.
711 2# - ADDED ENTRY--MEETING NAME
Meeting name or jurisdiction name as entry element Construction and Building Research Conference
Location of meeting University of Queensland, Brisbane
Date of meeting or treaty signing 4-5 July 2005
856 40 - ELECTRONIC LOCATION AND ACCESS
Uniform Resource Identifier <a href="https://www.rics.org/site/scripts/download_info.aspx?downloadID=2572">https://www.rics.org/site/scripts/download_info.aspx?downloadID=2572</a>
Public note View the item free of charge at www.rics.org...
942 ## - ADDED ENTRY ELEMENTS (KOHA)
Suppress in OPAC 0
Holdings
Withdrawn status Lost status Source of classification or shelving scheme Damaged status Not for loan Home library Current library Shelving location Date acquired Total Checkouts Full call number Barcode Date last seen Copy number Price effective from Koha item type
    Dewey Decimal Classification     Virtual Virtual Online 10/05/2007   ONLINE PUBLICATION 137988-2001 06/08/2019 1 06/08/2019 Book